000 00370nam a2200145Ia 4500
008 230917s9999||||xx |||||||||||||| ||und||
040 _e3576
_aMAIN
041 _aEnglish
082 _a320.942 L79N
100 _aLockard, Duane
245 0 _aNew England state politics
260 _aPrinceton
_bPrinceton University Press
_c1959
300 _axi, 347 p.
942 _cBK
999 _c200089
_d200089